| 000 | 00342nam a22001217a 4500 | ||
|---|---|---|---|
| 999 |
_c155400 _d155400 |
||
| 082 |
_a _b |
||
| 100 | _aElamkulam P N Kunjan Pillai | ||
| 245 |
_aElamkulam Kunjan Pillayude thiranjedutha krithikal/ _cby Elamkulam P N Kunjan Pillai. |
||
| 260 |
_aTrivandrum: _bUniversity of Kerala, _c2005. |
||
| 300 | _a962p. | ||
| 650 | _a | ||
| 942 | _cBK | ||